States Without Navigable Waterways to the Ocean - Statistics

General Stats
  • This quiz has been taken 75 times
  • The average score is 7 of 8
Answers on the Map
Answers color-coded by a green-red scale on the quiz's map according to % correct below.
 
Answer Stats
Answer % Correct
Colorado
97%
Utah
97%
Montana
93%
Nevada
93%
Wyoming
92%
North Dakota
90%
Arizona
89%
New Mexico
87%
No matching quizzes found
Score Distribution
Percent of People with Each Score
Percentile by Number Answered
Your Score History
You have not taken this quiz